|
|
|
|
| LEADER |
00000ny a22000003n 4500 |
| 005 |
20110601134942.0 |
| 008 |
021112s2002 sp 000 0 spa d |
| 017 |
|
|
|a D.L. M.42608-2002
|
| 020 |
|
|
|a 8471114194
|
| 035 |
|
|
|a 1708
|
| 040 |
|
|
|a BUS
|d vLex
|
| 040 |
|
|
|a UMA.RE
|d vLex
|
| 080 |
|
|
|a 349.442(460)(0.034)
|
| 080 |
|
|
|a 351.778.5(460)(0.034)
|
| 090 |
|
|
|c 408
|d 408
|
| 100 |
1 |
|
|a Olmo Alonso, Jess︢ del
|
| 245 |
1 |
0 |
|a Aspectos jurd̕icos de la edificacin̤
|h [Recurso electrn̤ico]
|c Jess︢ del Olmo Alonso; prl̤ogo de Martn̕ Bassols Coma
|
| 256 |
|
|
|a Servicio en ln̕ea
|
| 260 |
|
|
|a Madrid :
|b Montecorvo,
|c 2002
|
| 300 |
|
|
|a 294 p. ;
|c 24 cm
|
| 506 |
1 |
|
|a Contenido solo disponible en los productos indicados
|d vLex Global
|d vLex Global (Academic Edition, excluding Law Schools)
|d vLex Global (U.S. Academic Edition, Law Schools)
|d vLex Global (U.S. Academic Edition, excluding Law Schools)
|d vLex Global (Academic Edition, Law Schools)
|
| 650 |
0 |
7 |
|a Inmobiliario y registral
|2 Tesauro vLex
|
| 650 |
0 |
7 |
|a Edificaciones
|2 Tesauro vLex
|
| 650 |
0 |
7 |
|a Usos y edificacin̤ del suelo
|2 Tesauro vLex
|
| 700 |
1 |
|
|a Bassols Coma, Martn̕,
|e pr
|
| 740 |
0 |
|
|a vLex Libros (Servicios en ln̕ea)
|
| 856 |
4 |
0 |
|u http://vlex.com/source/1708
|z Acceso restringido
|
| 942 |
|
|
|c BOOK
|
| 999 |
0 |
|
|a Real property
|b Madrid
|